Zákon o životnom prostredí.

Druhá časť výkladu Zákona o životnom prostredí sa orientuje na zásady ochrany životného prostredia (­ 11 až 16) a všeobecné povinnosti pri jeho ochrane.

Gespeichert in:
Bibliographische Detailangaben
1. Verfasser: Dvořák, Petr
Format: Buchkapitel
Sprache:Slowakisch
Schlagworte:
Tags: Tag hinzufügen
Keine Tags, Fügen Sie das erste Tag hinzu!

MARC

LEADER 00000naa a2200000 4500
001 r008036
005 20220831085702.8
041 0 |a slo 
044 |a [CS] 
245 1 0 |a Zákon o životnom prostredí.  |c P. Dvořák 
520 |a Druhá časť výkladu Zákona o životnom prostredí sa orientuje na zásady ochrany životného prostredia (­ 11 až 16) a všeobecné povinnosti pri jeho ochrane. 
610 2 0 |a ochrana prostredia životného 
610 2 0 |a zákony 
610 2 0 |a ČSFR 
100 1 |a Dvořák, Petr